| 000 | 01592cab a22002055a 4500 | ||
|---|---|---|---|
| 001 | L154581 | ||
| 008 | 120103e2011 xxk 000 0 eng d | ||
| 035 | _a(Sirsi) u154581 | ||
| 041 | 0 | _aeng | |
| 245 | 0 | 0 |
_aCapita Alternative Fund Services (Guernsey) Ltd (formerly known as Royal & SunAlliance Trust (Channel Islands) Limited) v Matrix Securities Ltd and Drivers Jonas (a firm) _h[electronic resource] |
| 260 | _c2011 | ||
| 520 | _a[2011] EWHC 2336 (Comm), 9 September 2011. Professionals should not act without the required expertise. Defendant valuers D had valued in 2001 an 145 000 sq ft factory outlet shopping centre in Chatham Historic Dockyards for claimant C who subsequently purchased the property for £62.85m. C claimed that D had over-valued the property by £18.05m and also sought recompense from D for all losses suffered as a consequence of D's negligent professional advice. "Held": Court found in favour of C in respect of the £18.05m over-valuation. D's staff were not experienced enough to carry out this valuation and were responsible for the over-valuation. D was however not liable for any other of C's losses. | ||
| 590 | _aKA | ||
| 650 | 2 | 4 | _aCAPITA ALTERNATIVE FUND SERVICES (GUERNSEY) LTD V MATRIX SECURITIES LTD AND DRIVERS JONAS (A FIRM) |
| 650 | 2 | 4 | _aBOLITHO V CITY AND HACKNEY HEALTH AUTHORITY |
| 651 | 4 |
_aEngland and Wales _y1543- |
|
| 690 | _aMANAGEMENT-BUSINESS MANAGEMENT-PROFESSIONAL PRACTICE-NEGLIGENCE | ||
| 856 | 4 | 0 |
_uhttps://www.bailii.org/ew/cases/EWHC/Comm/2011/2336.html _zView the law report free of charge at www.bailii.org |
| 942 | _n0 | ||
| 999 |
_c83675 _d83675 |
||